000 00693cas a22002175a 4500
001 ##L98770
008 070612c1993 xxkwr p 0 a0eng
022 1 _a0262-1495
035 _a(Sirsi) u98770
041 0 _aeng
110 2 _aLaw Society of England and Wales
_91639
245 0 0 _aLaw Society's Gazette
_h[Electronic resource]
260 3 _aLondon
_bLaw Society
_c1903-
362 0 _aJanuary 1971-
520 _aNo physical copies kept in RICS library
651 4 _aUnited Kingdom
690 _aMANAGEMENT-BUSINESS MANAGEMENT-PROFESSIONAL PRACTICE
856 4 8 _uhttps://www.lawgazette.co.uk/
_zAvailable at https://www.lawgazette.co.uk/
942 _n0
_2ddc
948 _c09/03/1994
999 _c118518
_d118518